[Event "Cappelle Online Blitz op"]
[Site "Europe Echecs INT"]
[Date "2022.01.09"]
[Round "4"]
[White "Thibert, Christian"]
[Black "Perolini, Cedric"]
[Result "0-1"]
[WhiteElo "1205"]
[BlackElo "1643"]
[PlyCount "102"]
[EventDate "2022.01.09"]
[EventType "swiss (blitz)"]
[EventRounds "11"]
[EventCountry "FRA"]
[SourceTitle "EXT 2023"]
[Source "ChessBase"]
[SourceDate "2022.10.05"]
[SourceVersion "1"]
[SourceVersionDate "2022.10.05"]
[SourceQuality "1"]

1. e4 e5 2. f4 exf4 3. Bc4 d6 4. Nf3 g5 5. d4 Bg4 6. 0-0 Bg7 7. c3 Nc6 8. h3 Bh5 9. b4 Bxf3 10. Qxf3 Nxb4 11. cxb4 Bxd4+ 12. Kh1 Bxa1 13. Nc3 Bxc3 14. Qxc3 Qf6 15. Qf3 Ne7 16. Rf2 0-0 17. Bb2 Qg6 18. h4 h6 19. h5 Qh7 20. Bd3 f6 21. e5 f5 22. exd6 cxd6 23. Qxb7 Qf7 24. Qc7 Rfc8 25. Qxd6 Rd8 26. Qxh6 Qh7 27. Qxg5+ Kf8 28. Bc4 Rac8 29. Qf6+ Ke8 30. Be6 Qxh5+ 31. Kg1 Rc6 32. Bf7+ Qxf7 33. Qh8+ Qg8 34. Qe5 Re6 35. Qb5+ Rd7 36. Qb8+ Kf7 37. Qxg8+ Kxg8 38. Kh2 Kf7 39. Rxf4 Kg6 40. Rf3 Nd5 41. Rg3+ Kf7 42. Rh3 Rdd6 43. Rh7+ Kg6 44. Rh8 Kg5 45. Rg8+ Kf4 46. g3+ Kf3 47. Rh8 Re2+ 48. Kg1 Rxb2 49. Rf8 f4 50. gxf4 Nxf4 51. Re8 Rd1+ 0-1

[Event "Europe Echecs Blitz May op"]
[Site "Europe Echecs INT"]
[Date "2021.05.09"]
[Round "9"]
[White "Perolini, Cedric"]
[Black "Cotonnec, Melkior"]
[Result "0-1"]
[WhiteElo "1706"]
[BlackElo "2294"]
[PlyCount "50"]
[EventDate "2021.05.09"]
[EventType "swiss (blitz)"]
[EventRounds "11"]
[EventCountry "FRA"]
[SourceTitle "CBM 202 Extra"]
[Source "ChessBase"]
[SourceDate "2021.07.31"]
[SourceVersion "1"]
[SourceVersionDate "2021.07.31"]
[SourceQuality "1"]

1. e4 c5 2. d4 cxd4 3. Nf3 Nf6 4. c3 Nxe4 5. Qxd4 d5 6. c4 e6 7. cxd5 exd5 8. Nc3 Nxc3 9. Qxc3 Nc6 10. a3 d4 11. Qd2 a6 12. Bc4 Be7 13. 0-0 0-0 14. Rd1 Bf6 15. b4 Bg4 16. Bb2 Bxf3 17. gxf3 Qd6 18. b5 axb5 19. Bxb5 Rad8 20. a4 Rfe8 21. Bxc6 Qxc6 22. Qd3 Rd5 23. Rdc1 Qd7 24. Rc4 Qh3 25. Bc1 Be5 0-1

[Event "Cappelle Online Blitz op"]
[Site "Europe Echecs INT"]
[Date "2021.03.07"]
[Round "3"]
[White "Perolini, Cedric"]
[Black "Tomasi, Elise"]
[Result "0-1"]
[WhiteElo "1706"]
[BlackElo "2030"]
[PlyCount "132"]
[EventDate "2021.03.07"]
[EventType "swiss (blitz)"]
[EventRounds "11"]
[EventCountry "FRA"]
[SourceTitle "CBM 201 Extra"]
[Source "ChessBase"]
[SourceDate "2021.05.31"]
[SourceVersion "1"]
[SourceVersionDate "2021.05.31"]
[SourceQuality "1"]

1. e4 c5 2. d4 cxd4 3. Nf3 Nc6 4. Nxd4 e5 5. Nxc6 bxc6 6. Bc4 Bc5 7. Qh5 Qe7 8. Bg5 Nf6 9. Qh4 h6 10. Nc3 Bb7 11. 0-0 0-0-0 12. Bxf6 Qxf6 13. Qxf6 gxf6 14. Na4 Bb6 15. Nxb6+ axb6 16. Bxf7 Rhf8 17. Bg6 d5 18. Bf5+ Kc7 19. Rad1 c5 20. f3 d4 21. Rd2 Kc6 22. Rfd1 Ra8 23. a3 b5 24. c3 Rad8 25. Kf2 Rd6 26. b4 Rfd8 27. cxd4 cxd4 28. Rc2+ Kb6 29. Rd3 Bc6 30. Ke2 Be8 31. h4 Bf7 32. Ke1 Bc4 33. Rdd2 Ra8 34. Kd1 Bb3 35. Kc1 Bxc2 36. Rxc2 Rxa3 37. Kb2 Re3 38. Bg6 d3 39. Rd2 Rd4 40. Kb3 Re2 41. Kc3 Rxd2 42. Kxd2 Rxb4 43. Kxd3 Rb2 44. g4 Rh2 45. h5 Rh3 46. Ke3 b4 47. Bf7 Kb5 48. Bb3 Rh2 49. Kd3 Rf2 50. Ke3 Rb2 51. Bd5 b3 52. f4 exf4+ 53. Kxf4 Rf2+ 54. Ke3 b2 55. Ba2 Rf1 56. Kd4 Kb4 57. e5 fxe5+ 58. Kxe5 Ka3 59. Bb1 Rxb1 60. Kf6 Rg1 61. Kg6 Rxg4+ 62. Kxh6 Rg2 63. Kh7 b1Q+ 64. Kh8 Qb8+ 65. Kh7 Qg8+ 66. Kh6 Qg7# 0-1

[Event "Ville d'Orsay online Blitz"]
[Site "Europe Echecs INT"]
[Date "2021.02.07"]
[Round "10"]
[White "Poschadel, Andreas Gregor"]
[Black "Perolini, Cedric"]
[Result "1-0"]
[WhiteElo "2061"]
[BlackElo "1706"]
[PlyCount "101"]
[EventDate "2021.02.07"]
[EventType "swiss (blitz)"]
[EventRounds "11"]
[EventCountry "FRA"]
[SourceTitle "CBM 200 Extra"]
[Source "ChessBase"]
[SourceDate "2021.03.31"]
[SourceVersion "1"]
[SourceVersionDate "2021.03.31"]
[SourceQuality "1"]

1. e4 e5 2. Nf3 Nc6 3. Bc4 Bc5 4. 0-0 Nf6 5. d4 exd4 6. e5 d5 7. exf6 dxc4 8. fxg7 Rg8 9. Re1+ Be6 10. Bg5 Be7 11. Bh6 Qd5 12. Nbd2 0-0-0 13. Ne4 Qh5 14. Qd2 Bg4 15. Qf4 f5 16. Ng3 Qg6 17. Rxe7 Nxe7 18. Nh4 Qd6 19. Qg5 d3 20. cxd3 cxd3 21. Qd2 Be2 22. Bf4 Qd4 23. Rc1 Nd5 24. Nxe2 Qe4 25. Ng3 Qxf4 26. Qxf4 Nxf4 27. Nhxf5 Rde8 28. Ne3 Rxg7 29. Ngf5 Rd7 30. Rd1 Ne2+ 31. Kf1 c5 32. b3 b5 33. a4 c4 34. bxc4 bxc4 35. Nxc4 Nf4 36. Ncd6+ Kd8 37. Nxe8 Kxe8 38. g3 Ne6 39. f4 Kf7 40. Kf2 Kf6 41. Ne3 Nc5 42. Ng4+ Kf5 43. Ne5 Rd4 44. a5 Ne4+ 45. Ke3 Ra4 46. Rxd3 Nc5 47. Rd5 Rxa5 48. Nc4+ Ke6 49. Re5+ Kd7 50. Nxa5 Nb7 51. Nxb7 1-0

[Event "Cappelle Online Blitz op 1st"]
[Site "Europe Echecs INT"]
[Date "2021.01.10"]
[Round "11"]
[White "Chomienne, Pierre Jerome"]
[Black "Perolini, Cedric"]
[Result "0-1"]
[WhiteElo "1209"]
[BlackElo "1706"]
[PlyCount "88"]
[EventDate "2021.01.10"]
[EventType "swiss (blitz)"]
[EventRounds "11"]
[EventCountry "FRA"]
[SourceTitle "CBM 200 Extra"]
[Source "ChessBase"]
[SourceDate "2021.03.31"]
[SourceVersion "1"]
[SourceVersionDate "2021.03.31"]
[SourceQuality "1"]

1. d4 e5 2. dxe5 Nc6 3. Nf3 Qe7 4. Bf4 Qb4+ 5. Nc3 Qxf4 6. e3 Qf5 7. Bd3 Qe6 8. 0-0 Nxe5 9. Nb5 Bd6 10. Ng5 Qh6 11. f4 Nxd3 12. Qxd3 Ne7 13. Nxd6+ Qxd6 14. Qc4 0-0 15. Rf3 Qc6 16. Qxc6 dxc6 17. Rh3 Bxh3 18. Nxh3 Rfd8 19. Re1 Rd2 20. Ng5 Rad8 21. Nf3 Rd1 22. Kf1 Rxe1+ 23. Kxe1 Nd5 24. Ke2 Re8 25. Ne5 f6 26. Nc4 b5 27. Nd2 Nxe3 28. Kf3 Nxc2 29. Nb3 Re3+ 30. Kf2 Rxb3 31. axb3 Nd4 32. Ke3 Nxb3 33. Ke4 Kf7 34. f5 Ke7 35. g4 Kd6 36. Kd3 Nc5+ 37. Kd4 Nd7 38. h4 c5+ 39. Ke3 Ne5 40. Kf4 Nd3+ 41. Ke3 Nxb2 42. g5 Ke5 43. g6 h6 44. h5 Kxf5 0-1

[Event "Cappelle Online Blitz op 1st"]
[Site "Europe Echecs INT"]
[Date "2021.01.10"]
[Round "1"]
[White "Vlachos, Anatole"]
[Black "Perolini, Cedric"]
[Result "1-0"]
[WhiteElo "2413"]
[BlackElo "1706"]
[PlyCount "65"]
[EventDate "2021.01.10"]
[EventType "swiss (blitz)"]
[EventRounds "11"]
[EventCountry "FRA"]
[SourceTitle "CBM 200 Extra"]
[Source "ChessBase"]
[SourceDate "2021.03.31"]
[SourceVersion "1"]
[SourceVersionDate "2021.03.31"]
[SourceQuality "1"]

1. Nf3 d5 2. g3 Nc6 3. d4 Bf5 4. Bg2 e6 5. 0-0 Bd6 6. c4 dxc4 7. Qa4 Qd7 8. Nc3 Nf6 9. Qxc4 Na5 10. Qb5 Qxb5 11. Nxb5 a6 12. Nxd6+ cxd6 13. b3 Rc8 14. Ba3 d5 15. Rac1 Nc6 16. Ne5 Ne4 17. f3 Nd2 18. Rfd1 Nb1 19. Bb2 f6 20. Nxc6 bxc6 21. e4 dxe4 22. fxe4 Bg4 23. Rd3 Be2 24. Re3 Bb5 25. a4 Kd7 26. Rxb1 Rb8 27. axb5 Rxb5 28. Rc1 Rhb8 29. Rcc3 a5 30. Ba3 e5 31. d5 cxd5 32. exd5 Rc8 33. Bh3+ 1-0

[Event "C'Chartres Blitz op"]
[Site "Europe Echecs INT"]
[Date "2020.11.28"]
[Round "2"]
[White "Virot, Theo"]
[Black "Perolini, Cedric"]
[Result "0-1"]
[WhiteElo "1364"]
[BlackElo "1706"]
[PlyCount "54"]
[EventDate "2020.11.28"]
[EventType "swiss (blitz)"]
[EventRounds "11"]
[EventCountry "FRA"]
[SourceTitle "CBM 199 Extra"]
[Source "ChessBase"]
[SourceDate "2021.01.31"]
[SourceVersion "1"]
[SourceVersionDate "2021.01.31"]
[SourceQuality "1"]

1. e4 e5 2. Nf3 Nc6 3. Bb5 Bc5 4. 0-0 Nf6 5. Re1 d6 6. c3 a6 7. Ba4 b5 8. Bb3 Bg4 9. d3 Qd7 10. a4 b4 11. cxb4 Bxb4 12. Bd2 a5 13. Nc3 Nd4 14. Re3 Rb8 15. Ba2 Bh5 16. Nd5 Ng4 17. Nxd4 Nxe3 18. Qxh5 Nxd5 19. Bxd5 exd4 20. Bxb4 Rxb4 21. Qf3 c6 22. Bc4 0-0 23. Rb1 Rfb8 24. Qe2 d5 25. exd5 cxd5 26. Ba2 Qe6 27. h3 Qxe2 0-1

[Event "FRA-ch Blitz Online Qual"]
[Site "Europe Echecs INT"]
[Date "2020.05.16"]
[Round "8"]
[White "Zanin, Clement"]
[Black "Perolini, Cedric"]
[Result "0-1"]
[WhiteElo "1327"]
[BlackElo "1706"]
[PlyCount "104"]
[EventDate "2020.05.16"]
[EventType "swiss (blitz)"]
[EventRounds "15"]
[EventCountry "FRA"]
[SourceTitle "CBM 196 Extra"]
[Source "ChessBase"]
[SourceDate "2020.07.31"]
[SourceVersion "1"]
[SourceVersionDate "2020.07.31"]
[SourceQuality "1"]

1. e4 e5 2. Nf3 Nc6 3. Bc4 Bc5 4. d3 Nf6 5. Nc3 d6 6. Bg5 h6 7. Bh4 g5 8. Bg3 Nh5 9. 0-0 Nxg3 10. hxg3 Bg4 11. Nd5 Nd4 12. c3 Nxf3+ 13. gxf3 Bh3 14. Re1 c6 15. Nb4 Qb6 16. Qe2 Bxb4 17. cxb4 Qxb4 18. Kh2 Be6 19. f4 gxf4 20. Bxe6 fxe6 21. Qh5+ Ke7 22. gxf4 Qxb2 23. Qh4+ Kd7 24. fxe5 Qxe5+ 25. f4 Qb2+ 26. Kh1 Rag8 27. Rg1 Rxg1+ 28. Rxg1 Rh7 29. Qh5 Qf6 30. Qf3 Qh4+ 31. Kg2 Rg7+ 32. Kf1 Rxg1+ 33. Kxg1 h5 34. Kf1 Qg4 35. Qf2 Qd1+ 36. Kg2 Qxd3 37. f5 Qxe4+ 38. Kh3 Qxf5+ 39. Qxf5 exf5 40. Kh4 Ke6 41. Kxh5 Ke5 42. Kh4 Kf4 43. Kh3 Kf3 44. Kh2 f4 45. Kh3 Ke2 46. Kg2 f3+ 47. Kg1 f2+ 48. Kg2 f1Q+ 49. Kg3 Qf5 50. Kh2 Qg4 51. a4 Kf2 52. a5 Qh4# 0-1